Kill Bill (all lyrics) - SZA - Statistics

General Stats
  • This quiz has been taken 1,666 times
  • The average score is 237 of 299
Answer Stats
Hint Answer % Correct
I
100%
kill
97%
my
97%
no
97%
the
97%
be
96%
ex
96%
a
95%
idea
95%
best
94%
not
94%
girlfriend
93%
x2 might
93%
his
92%
next
91%
still
90%
her
89%
love
89%
x3 so
89%
though
89%
I'm
88%
new
88%
you
88%
get
87%
alone
86%
in
86%
just
86%
him
85%
jail
85%
rather
85%
here
84%
than
84%
to
84%
me
83%
on
83%
x3 mature
82%
how'd
81%
girlfriend's
78%
if
78%
If
78%
one
78%
can't
77%
have
77%
x2 it
77%
therapist
77%
was
77%
even
76%
got
75%
salty
74%
want
74%
don't
73%
fan
73%
tell
73%
with
73%
other
72%
see
72%
hate
71%
men
71%
that
71%
happy
70%
killed
70%
Killed
70%
should
70%
of
68%
cause
67%
there's
67%
lost
66%
really
66%
hell
64%
know
64%
sense
64%
driving
63%
this
63%
x2 all
61%
it's
61%
some
61%
x2 did
60%
your
60%
x2 for
59%
out
59%
now
58%
reach
58%
but
57%
none
57%
damn
56%
perfect
54%
is
53%
x2 sober
53%
at
52%
x2 drugs
51%
farmers'
51%
market
51%
peach
51%
x2 us
51%
text
50%
will
50%
gon'
48%
evidence
46%
broad
43%
ration
43%
crime
37%
passion
37%
tried
35%
face
30%
murders
30%
beat
29%
down
29%
over
29%
laying
22%
saying
11%
amazement
10%
patience
9%
playing
8%
No matching quizzes found
Score Distribution
Percent of People with Each Score
Percentile by Number Answered
Your Score History
You have not taken this quiz